Priznanie k dani z príjmov fyzických osôb za rok 2001

Priznanie k dani z príjmov fyzických osôb za rok 2001. Príspevok pozostávajúci zo šiestich častí: Stručná charakteristika dane na problematiku nezdaniteľných a zdaniteľných príjmov, analýza spôsobov ich zdanenia, výpočet základov dane, výpočet dane zo zníženého základu dane, okruh osôb, ktoré sú pov...

Celý popis

Uložené v:
Podrobná bibliografia
Hlavný autor: Jarinkovičová, Valéria
Médium: Kapitola
Jazyk:Slovak
Predmet:
Tagy: Pridať tag
Žiadne tagy, Buďte prvý, kto otaguje tento záznam!

MARC

LEADER 00000naa a2200000 4500
001 r044033
005 20231003085401.3
041 0 |a slo 
044 |a SK 
245 1 0 |a Priznanie k dani z príjmov fyzických osôb za rok 2001  |c Valéria Jarinkovičová 
520 |a Priznanie k dani z príjmov fyzických osôb za rok 2001. Príspevok pozostávajúci zo šiestich častí: Stručná charakteristika dane na problematiku nezdaniteľných a zdaniteľných príjmov, analýza spôsobov ich zdanenia, výpočet základov dane, výpočet dane zo zníženého základu dane, okruh osôb, ktoré sú povinné podať daňové priznanie za rok 2001. Komplexné príklady a vzory. 
610 2 0 |a priznania daňové 
610 2 0 |a 2001 
610 2 0 |a osoby fyzické 
610 2 0 |a príjmy 
610 2 0 |a zdaňovanie 
610 2 0 |a dane z príjmov 
100 1 |a Jarinkovičová, Valéria